[Event "World Team-ch Women 2017"]
[Site "Khanty-Mansyisk"]
[Date "2017.06.25"]
[Round "8"]
[White "Mona, Khaled"]
[Black "Kosteniuk, Alexandra"]
[Result "0-1"]
[WhiteElo "2168"]
[BlackElo "2537"]
[Annotator "TA"]
[PlyCount "80"]
[EventDate "2017.??.??"]
[EventType "team-tourn"]
[EventCountry "RUS"]
[SourceTitle "playchess.com"]
[Source "ChessBase"]
[SourceQuality "1"]
[WhiteTeam "EGY"]
[BlackTeam "RUS"]
[WhiteTeamCountry "EGY"]
[BlackTeamCountry "RUS"]

{[%evp 9,80,26,34,-14,-8,-14,-11,-22,-17,-30,-15,-15,-20,-28,-12,-20,0,-27,7,-57,-14,-13,8,-83,-67,-56,0,0,0,-33,-18,-126,-126,-128,-127,-119,-133,-159,-108,-97,-95,-102,-93,-93,-65,-102,-34,-46,-52,-108,-40,-270,-272,-275,-245,-272,-267,-251,-245,-322,-337,-456,-415,-761,-758,-788,-768,-1198,-1227,-1112,-1027,-29990,-29991]} 1. d4 Nf6 2. Nf3 c5 3. d5 b5 4. c4 b4 5. Qc2 g6 6. b3 {A57: Benko/Volga Gambit} (6. e4 d6 7. Bd3 Bg7 8. h3 O-O 9. Bg5 a5 10. Nbd2 e5 11. g4 a4 12. Ke2 h6 13. Bh4 g5 14. Bg3 Re8 15. Nf1 Nbd7 16. Ne3 Nf8 17. Qd2 Ng6 18. Rag1 {½-½ (18) Akobian,V (2632)-Ramirez,A (2587) Arlington 2015}) 6... d6 7. Nbd2 Bg7 {Strongly threatening ...Bf5.} 8. Rb1 $146 {The position is equal.} ({Predecessor:} 8. Bb2 O-O 9. e4 e5 10. dxe6 Bxe6 11. Bd3 Nc6 12. O-O Bg4 {1-0 (34) Pavlovic,M (2481)-Vulevic,V (2154) Yugoslavia 2000}) 8... O-O 9. e4 e6 10. Bd3 $1 Nh5 11. O-O e5 12. Rd1 f5 13. Ne1 a5 14. Be2 (14. exf5 $11 gxf5 15. g3) 14... Nf6 15. exf5 gxf5 16. Nf1 (16. g3 $11) 16... Ne4 $17 17. Bb2 Qg5 (17... a4 $15) 18. f3 $11 Nf6 19. Qd2 Qg6 20. Ng3 (20. g3 $11) 20... Bh6 $1 $17 {[%cal Rh6d2]} 21. Qc2 Be3+ 22. Kh1 Ra7 23. Bd3 {[%cal Rd3f5] [#]} Nh5 ({Black should try} 23... e4 $1 {[%mdl 512]} 24. Bf1 (24. fxe4 fxe4) 24... Nbd7) 24. Nxh5 Qxh5 25. Bc1 Bd4 $40 {[%mdl 128] Black wants a kill.} 26. Bb2 Bxb2 27. Qxb2 f4 (27... Rg7 $17) 28. Ra1 Rf6 {And now ...Rh6 would win.} 29. Qf2 $1 Rh6 $1 {[%csl Gh6][%cal Rh5h2]} 30. g4 $2 (30. Qg1 $1 $15) 30... fxg3 $1 $19 31. Qxg3+ Rg7 32. Qf2 Bh3 $1 {[%cal Rh3g2]} 33. Rd2 {[#]} Nd7 $1 34. a3 Nf6 35. axb4 {[#]} e4 $1 36. Rxa5 (36. fxe4 $142 Nxe4 37. Bxe4) 36... exd3 37. Ra8+ Kf7 38. Qe3 Rhg6 39. Ra7+ Nd7 {( -> ...Qe5)} 40. Rxd3 Qe5 {Precision: White = 29%, Black = 57%.} 0-1

[Event "World Team-ch Women 2017"]
[Site "Khanty-Mansyisk"]
[Date "2017.06.25"]
[Round "8"]
[White "Elansary, Eman"]
[Black "Goryachkina, Aleksandra"]
[Result "1/2-1/2"]
[WhiteElo "1887"]
[BlackElo "2477"]
[Annotator "TA"]
[PlyCount "79"]
[EventDate "2017.??.??"]
[EventType "team-tourn"]
[EventCountry "RUS"]
[SourceTitle "playchess.com"]
[Source "ChessBase"]
[SourceQuality "1"]
[WhiteTeam "EGY"]
[BlackTeam "RUS"]
[WhiteTeamCountry "EGY"]
[BlackTeamCountry "RUS"]

{[%evp 9,79,-14,-3,-6,0,0,0,3,0,0,0,0,2,-10,24,0,0,-4,0,-26,-33,-28,0,-7,0,-9,18,18,15,23,11,9,6,0,0,0,4,4,16,11,20,35,41,14,36,35,37,-75,-89,-64,-35,-35,-35,-35,-35,-35,-35,-40,-40,-43,0,0,0,0,0,0,0,0,36,46,64,47]} 1. d4 d5 2. Nf3 Nf6 3. e3 Bf5 4. Be2 e6 5. Ne5 (5. O-O Bd6 6. b3 Ne4 7. Bb2 Nd7 8. c4 c6 9. Ne5 Nxe5 10. dxe5 Be7 11. Nc3 O-O 12. Nxe4 Bxe4 13. cxd5 Qxd5 {½-½ (35) Milovic,J (2307)-Miladinovic,I (2550) Cetinje 2016}) 5... h6 6. O-O {D04: Colle System} Bd6 7. b3 $146 ({Predecessor:} 7. f4 Ne4 8. Nd2 O-O 9. Nxe4 Bxe4 10. Bd3 Bxd3 11. Qxd3 f5 12. c4 c6 {0-1 (59) Kjartansson,D-Viglundsson,B (2280) Hafnarfjordur 1996}) 7... O-O 8. Bb2 {The position is equal.} a5 9. c4 c6 10. Nc3 Nbd7 11. f4 Qe7 12. Na4 Rab8 13. c5 Bc7 14. Rc1 (14. Nd3 {feels hotter.} Ne4 15. Rc1 Qh4 16. Nc3 Rbd8 17. Bf3) 14... Nxe5 15. dxe5 Ne4 16. Bf3 Rbd8 17. Qe1 f6 18. Qh4 Rf7 19. Bxe4 Bxe4 20. exf6 gxf6 21. Rf2 ({Reject} 21. Qxh6 d4 $17) 21... Kh7 22. Nc3 {[%cal Ba4c3,Bc3e2,Be2g3][%mdl 32]} Bg6 23. Ne2 Rg8 24. Ng3 Bd8 25. Qh3 f5 26. Nf1 Qh4 (26... Rff8 {with more complications.} 27. Qf3 Qe8 28. Ng3 Bf7 29. Rd2 h5) 27. Qxh4 Bxh4 28. Bc3 (28. Rd2 $14 {keeps the upper hand.}) 28... Bxf2+ $17 29. Kxf2 Ra8 (29... a4 $5 30. b4 Bh5 $17) 30. a4 Rff8 31. Nd2 Bh5 32. Nb1 Kg8 33. Na3 Kf7 34. Nc2 Rfc8 35. Ne1 Ra6 36. Nd3 Ke7 37. Bd4 Be8 38. h3 Bd7 39. g4 {[%mdl 1024] White has compensation.} Rg8 $1 40. Ne5 {Precision: White = 74%, Black = 48%.} 1/2-1/2

[Event "World Team-ch Women 2017"]
[Site "Khanty-Mansyisk"]
[Date "2017.06.26"]
[Round "9"]
[White "Ju, Wenjun"]
[Black "Mona, Khaled"]
[Result "0-1"]
[WhiteElo "2583"]
[BlackElo "2168"]
[Annotator "TA"]
[PlyCount "82"]
[EventDate "2017.??.??"]
[EventType "team-tourn"]
[EventCountry "RUS"]
[SourceTitle "playchess.com"]
[Source "ChessBase"]
[SourceQuality "1"]
[WhiteTeam "CHN"]
[BlackTeam "EGY"]
[WhiteTeamCountry "CHN"]
[BlackTeamCountry "EGY"]

{[%evp 10,82,68,58,85,0,0,0,39,39,53,43,50,42,78,37,42,57,75,76,91,71,78,62,80,95,117,114,103,112,116,108,108,83,89,85,172,150,161,147,208,205,218,177,193,155,168,140,154,49,50,60,65,73,78,42,56,45,90,31,46,47,35,20,56,0,0,-8,-11,-953,-929,-29997,-29998,-29998,-29999]} 1. d4 Nf6 2. c4 g6 3. Nc3 Bg7 4. e4 d6 {[%cal Bd7d6,Bd6e5][%mdl 32]} 5. Be2 c6 6. f4 e5 {E73: King's Indian: Averbakh Variation without 6...c5} (6... O-O 7. Nf3 Na6 8. O-O Bg4 9. Be3 e6 10. e5 Ne8 11. h3 Bxf3 12. Bxf3 Qe7 13. Qb3 d5 14. cxd5 cxd5 15. a3 {1-0 (47) Caspi,I (2426)-Banikas,H (2617) Rijeka 2010}) 7. fxe5 $146 (7. dxe5 $16 dxe5 8. Qxd8+ (8. fxe5 Qxd1+ 9. Bxd1 Ng4 $11) 8... Kxd8 9. Nf3 (9. fxe5 Ng4 $16)) ({Predecessor:} 7. dxe5 dxe5 8. Qxd8+ Kxd8 9. Nf3 Nbd7 10. fxe5 Ng4 11. e6 Nde5 12. h3 Nxf3+ 13. gxf3 Nh6 14. exf7 Nxf7 {1-0 (67) Ksieski,Z-Maciejewski,A (2370) Bydgoszcz 1980}) 7... dxe5 $11 8. d5 cxd5 {The position is equal.} 9. cxd5 O-O 10. Nf3 Qb6 11. Qb3 Qc5 12. Bd2 Nbd7 13. Rc1 a6 14. Nd1 Qa7 15. Be3 (15. Nf2 {looks sharper.} b6 16. O-O Nc5 17. Qc2 a5 18. Be3) 15... Qb8 16. Nf2 b5 17. O-O $36 {[%mdl 2048] White is in control.} Bb7 18. a4 Qd6 19. axb5 axb5 20. Bxb5 Rfb8 21. Qd3 Ba6 {[#]} 22. Bxa6 $1 Rxa6 (22... Qxa6 $16 23. Qxa6 Rxa6) 23. Nd2 $18 Ra4 24. b3 Rab4 (24... Ra2 $16 {might work better.} 25. Qb1 Rba8) 25. Rc6 Qf8 26. Rfc1 Bh6 27. Bxh6 Qxh6 28. Rc8+ Kg7 {[#] aiming for ...Rd4.} 29. R8c4 (29. Rxb8 $1 $16 Rxb8 30. Qc3) 29... Nc5 $1 $14 {[%cal Rc5d3]} 30. Rxc5 Rd4 31. Qf3 Rxd2 32. R5c2 Rd4 33. Rc4 Rd2 {[%cal Bd4d2,Bd2e2,Be2g2,Bg2h2][%mdl 32]} 34. Rf1 (34. R1c2 $16) 34... Qf4 35. Qc3 {g3 is the strong threat.} Re2 36. g3 Qg5 37. b4 (37. Rc7 $14 Rf8 38. Re1) 37... Ra8 $1 $11 38. Qf3 Raa2 39. Nh3 $2 {[%mdl 8192]} (39. Rc7 $11) 39... Qe3+ $19 40. Qxe3 Rg2+ 41. Kh1 Rxh2+ {Precision: White = 41%, Black = 66%.} 0-1

[Event "World Team-ch Women 2017"]
[Site "Khanty-Mansyisk"]
[Date "2017.06.26"]
[Round "9"]
[White "Kosteniuk, Alexandra"]
[Black "Ushenina, Anna"]
[Result "1/2-1/2"]
[WhiteElo "2537"]
[BlackElo "2458"]
[Annotator "TA"]
[PlyCount "71"]
[EventDate "2017.??.??"]
[EventType "team-tourn"]
[EventCountry "RUS"]
[SourceTitle "playchess.com"]
[Source "ChessBase"]
[SourceQuality "1"]
[WhiteTeam "RUS"]
[BlackTeam "UKR"]
[WhiteTeamCountry "RUS"]
[BlackTeamCountry "UKR"]

{[%evp 22,71,26,19,127,51,60,41,65,66,79,63,74,66,85,4,8,5,15,0,0,0,0,2,6,26,30,22,22,-16,0,0,0,0,0,0,51,22,41,47,49,0,0,0,0,0,0,0,0,0,0,0]} 1. e4 c5 2. Nf3 d6 3. d4 cxd4 4. Nxd4 Nf6 5. Nc3 a6 6. Bg5 e6 7. Qf3 Be7 8. O-O-O Qc7 9. Qg3 Bd7 10. f4 h6 11. Bh4 Nc6 12. Be2 O-O-O {B98: Sicilian Najdorf: 6 Bg5 e6 7 f4 Be7, sidelines} (12... Rc8 $11 {keeps the balance.}) (12... O-O 13. e5 dxe5 14. fxe5 Nh7 15. Bxe7 Nxe7 16. Ne4 Nc6 17. Nd6 Qa5 18. Kb1 Rab8 19. Bf3 Kh8 20. Bxc6 Bxc6 21. Nxc6 bxc6 22. Rhf1 Kg8 23. b3 Rb4 24. Rxf7 Rxf7 25. Nxf7 {1-0 (25) Milov,L (2562)-Meissner,F (2099) Nuremberg 2009}) 13. f5 $146 ({White should try} 13. Qxg7 $16 Rh7 14. Qg3) ({Predecessor:} 13. Bf3 Rhg8 14. Qf2 g5 15. Bg3 g4 16. Be2 Nb4 17. a3 Nxe4 18. Nxe4 f5 19. Nc3 Nc6 20. Bh4 {1-0 (28) Delgado Comerma,R (2250)-Espau Guillem,J (2135) Spain 1998}) 13... Rhg8 $14 14. Qh3 {[%cal Rf5e6]} Nxd4 {White is slightly better.} 15. Rxd4 Kb8 16. Rhd1 Ka8 17. Bf2 (17. Rc4 $5 {[%cal Rc4c7]} Qb8 18. Rcd4 $14) 17... Rc8 18. Kb1 (18. Rc4 $16 Qb8 19. Kb1) 18... d5 $1 $11 19. exd5 Nxd5 20. Rxd5 (20. Ka1 $5 {[%cal Rd4d5]} Bc6 21. fxe6 (21. Nxd5 Bxd5 22. c4 Qe5 $11) 21... fxe6 22. Rc4 $11 (22. Nxd5 Bxd5 23. c4 Bf6 $11)) 20... exd5 21. Rxd5 {[#] Black must now prevent Qe3.} Bc6 22. Qe3 {[%csl Gf2][%cal Re3a7]} b6 23. Qd3 $1 {[%cal Rd3a6]} Qb7 $1 24. Bf3 $1 {Threatens to win with Rd7!} Kb8 25. Qd4 Bf6 (25... Bc5 $5 {[%cal Rc5d4]} 26. Qf4+ Ka8 27. Bxc5 bxc5 $11) 26. Qf4+ Ka7 $1 27. Na4 Bxd5 28. Nxb6 {[#]} Bxf3 $1 {[%mdl 512]} 29. Nxc8+ $14 (29. Qxf3 Rc6) 29... Ka8 {[%csl Gf6][%cal Rb7b2]} 30. Nb6+ {[%mdl 1024] White has compensation.} Ka7 {Hoping for ...Rd8.} 31. Nd5+ (31. gxf3 $5 {[%cal Rb6d5]} Rd8 32. c3 Rd1+ 33. Kc2 $11) 31... Ka8 {[%csl Gf6][%cal Rb7b2] The position is equal.} 32. Nc7+ Kb8 {[%csl Gf6][%cal Rb7b2]} 33. Nb5+ (33. Nd5+ $5 Ka8 34. Nc7+ Kb8 35. Nd5+ Ka8 $11) 33... Ka8 34. Nc7+ Kb8 {[%csl Gf6][%cal Rb7b2]} 35. Nb5+ Ka8 36. Nc7+ {Precision: White = 55%, Black = 54%.} 1/2-1/2

[Event "World Team-ch Women 2017"]
[Site "Khanty-Mansyisk"]
[Date "2017.06.26"]
[Round "9"]
[White "Dzagnidze, Nana"]
[Black "Foisor, Sabina-Francesca"]
[Result "1/2-1/2"]
[WhiteElo "2533"]
[BlackElo "2331"]
[Annotator "TA"]
[PlyCount "64"]
[EventDate "2017.??.??"]
[EventType "team-tourn"]
[EventCountry "RUS"]
[SourceTitle "playchess.com"]
[Source "ChessBase"]
[SourceQuality "1"]
[WhiteTeam "GEO"]
[BlackTeam "USA"]
[WhiteTeamCountry "GEO"]
[BlackTeamCountry "USA"]

{[%evp 16,64,5,21,38,44,45,38,70,66,75,41,96,84,80,88,127,20,8,0,11,25,29,-43,-26,-25,58,71,167,-130,21,24,63,85,145,-679,-380,-386,-373,-331,0,0,0,0,0,0,0,0,0,0,0]} 1. d4 Nf6 2. c4 e6 3. Nc3 Bb4 4. Nf3 O-O 5. Qc2 c5 6. dxc5 Na6 7. g3 Nxc5 8. Bg2 d6 {E39: Nimzo-Indian: Classical: 4...c5 5 dxc5 0-0} (8... b6 9. O-O Bb7 10. Nb5 Be4 11. Qd1 Nb7 12. Bf4 a6 13. Nd6 Bxd6 14. Bxd6 Nxd6 15. Qxd6 Qb8 16. Rfd1 Qb7 {½-½ (71) Akobian,V (2661)-Bruzon Batista,L (2652) Saint Louis 2017}) 9. O-O {LiveBook: 15 Games} Bxc3 10. Qxc3 a5 {White is slightly better.} 11. Rd1 Nfe4 $146 ({Predecessor:} 11... Qc7 12. Nd4 Bd7 13. Qc2 Rfc8 14. Bg5 Ne8 15. Rac1 Rab8 16. Qb1 {0-1 (68) Pesorda,I (2270)-Radnetter,G (2189) Austria 2008}) 12. Qe3 f5 13. b3 Qf6 (13... e5 $14) 14. Ba3 $16 b6 15. Nd4 e5 16. Nb5 (16. Bxc5 $16 {Strongly threatening Nxf5.} bxc5 17. Nb5) 16... f4 $1 $11 {[%cal Rf4e3]} 17. gxf4 exf4 18. Qd4 $1 Qg6 $1 {( -> ...Bh3)} 19. Kh1 (19. Bxc5 f3 $19) (19. Kf1 $11) 19... Bb7 $15 20. f3 Ng3+ (20... Rae8 $11) 21. hxg3 $14 Rae8 22. Re1 $2 (22. Nxd6 Rxe2 23. g4 (23. Nxb7 Qh6+ 24. Kg1 fxg3 25. Kf1 Rxg2 26. Bxc5 bxc5 27. Qxg7+ Kxg7 28. Rd7+ Kg8 29. Rg7+ Kxg7 30. Kxg2 Qh2+ 31. Kf1 Qf2#) 23... Qh6+ 24. Kg1 Qh4 $11) (22. Rd2 $1 $18 fxg3 23. Kg1 (23. Nxd6 Rd8 $18) (23. Qxd6 $2 Qh5+ 24. Kg1 Ne4 $19)) 22... Qh6+ $2 ({Black should play} 22... Qh5+ $1 $17 23. Kg1 fxg3) 23. Kg1 $11 {[%cal Bh1g1,Bg1f1,Bf1e2][%mdl 32]} fxg3 24. Kf1 ({Not} 24. Nxd6 $2 Ne6 $19) (24. Qxd6 Qh2+ 25. Kf1 Bxf3 $1 {[%mdl 512]} 26. Qxf8+ Rxf8 27. exf3 Rxf3+ $1 {[%mdl 512]} 28. Ke2 Qxg2+ 29. Kd1 Rd3+ 30. Kc1 Qd2+ 31. Kb1 Qxe1+ 32. Bc1 Rd2 33. Nd6 Qf1 34. Ne8 Qf5#) 24... Re3 ({Better is} 24... Rf6 25. Bc1 Qh2) 25. Bb2 $2 {[%mdl 8192]} (25. Bc1 {leads to mate.} Bxf3 $1 {[%mdl 512]} 26. Qxg7+ Kxg7 27. Bb2+ Kg8 28. exf3 Rexf3+ 29. Bxf3 Qh2 30. Bd4 Rxf3+ 31. Bf2 Rxf2#) (25. Nxd6 $16 Rd3 26. exd3 Bxf3 27. Re8 (27. Bxf3 Rxf3+ 28. Ke2 Rf2+ 29. Qxf2 gxf2 $15) 27... Bxg2+ 28. Ke1 Rxe8+ 29. Nxe8 Nxd3+ 30. Qxd3 Qh1+ 31. Kd2 Qxa1 32. Qxg3) 25... Bxf3 26. exf3 Rfxf3+ 27. Bxf3 {[#]} Rxf3+ $2 (27... Qh3+ $1 $19 28. Bg2 Rf3+ 29. Ke2 Qxg2+ 30. Kd1 Rd3+ 31. Qxd3 Nxd3 32. Re8+ Kf7 33. Nxd6+ Kg6) 28. Ke2 $1 {[%cal Re2f3] The position is equal.} Rf2+ 29. Kd1 Qh5+ 30. Kc1 {[%csl Gb2][%cal Rd4g7]} Qg5+ 31. Kd1 Qh5+ 32. Kc1 {[%csl Gb2][%cal Rd4g7]} Qg5+ {Precision: White = 33%, Black = 35%.} 1/2-1/2

[Event "World Team-ch Women 2017"]
[Site "Khanty-Mansyisk"]
[Date "2017.06.26"]
[Round "9"]
[White "Gunina, Valentina"]
[Black "Gaponenko, Inna"]
[Result "1-0"]
[WhiteElo "2504"]
[BlackElo "2429"]
[Annotator "TA"]
[PlyCount "115"]
[EventDate "2017.??.??"]
[EventType "team-tourn"]
[EventCountry "RUS"]
[SourceTitle "playchess.com"]
[Source "ChessBase"]
[SourceQuality "1"]
[WhiteTeam "RUS"]
[BlackTeam "UKR"]
[WhiteTeamCountry "RUS"]
[BlackTeamCountry "UKR"]

{[%evp 20,115,0,0,5,-16,-13,-16,-23,-26,-12,-29,6,4,14,13,9,-10,-13,-10,-16,-16,-38,-12,-22,-14,71,75,93,101,109,106,112,107,64,43,43,45,43,29,31,29,42,35,34,70,70,53,119,120,191,194,333,349,315,316,369,349,364,366,364,368,300,333,408,411,527,399,460,360,272,78,79,35,43,42,41,47,5343,4586,5382,7791,29949,29948,29940,12830,12828,5615,29980,29981,29987,29986,29986,29987,29989,29986,29989,29990]} 1. d4 Nf6 2. c4 e6 3. Nf3 d5 4. g3 Bb4+ 5. Bd2 Bd6 6. Bg2 Nbd7 7. O-O O-O 8. Qc2 c6 9. Bf4 Bxf4 10. gxf4 b6 {E01: Catalan: Early deviations} 11. Ne5 {LiveBook: 9 Games} Nxe5 12. fxe5 Ng4 {The position is equal.} 13. Nd2 Ba6 {[#]} 14. Rac1 $146 ({Predecessor:} 14. cxd5 cxd5 15. Nf3 Nh6 16. Bh3 f5 17. Kh1 Kh8 18. Rg1 {½-½ (27) Andreikin,D (2736)-Carlsen,M (2840) Wijk aan Zee 2017}) 14... Rc8 15. Qc3 Bxc4 16. Nxc4 dxc4 17. Qxc4 c5 18. h3 (18. dxc5 $5 {[%cal Rc4g4]} Nxe5 19. Qe4 $14) 18... Nh6 19. Rfd1 {[%cal Rd4c5]} (19. e3 {with more complications.} g6 20. Rfd1 Qg5 21. Kf1 Kg7 22. Qa6) 19... cxd4 20. Qxc8 Qxc8 21. Rxc8 Rxc8 22. Rxd4 $11 {[%mdl 4096] Endgame KRB-KRN} f6 (22... Rc1+ $11 {remains equal.} 23. Kh2 g5) 23. exf6 $16 gxf6 24. Rd6 $1 Rc1+ 25. Kh2 Rc2 26. Rxe6 Rxb2 27. Rxf6 (27. Bd5 $5 {[%cal Re6b6]} Kg7 28. Re7+ Kg6 29. Bc4 $16) 27... Kg7 28. Re6 Rxa2 29. Re7+ Kf6 30. Rxh7 Nf5 31. e4 Nd4 32. Rd7 Ne6 33. Kg3 a5 {[#]} ({Black should play} 33... Ra3+ $14 34. Kg4 Ra2) 34. h4 $1 {[%cal Bh3h4,Bh4h5,Bh5h6][%mdl 32]} a4 (34... Ra3+ $16 35. f3 Rb3) 35. h5 $18 Rc2 (35... Nc5 $142 36. e5+ Kg5 37. f4+ Kxh5 38. Bf3+ Kh6 39. Rd6+ Kg7) 36. h6 Rc8 37. h7 Rh8 38. f4 Nc5 39. e5+ Kg6 40. Rc7 Rxh7 41. Rc6+ Kf7 42. Bd5+ Ke8 43. Rxb6 Ra7 44. Rb8+ Ke7 45. Rc8 $2 (45. Rb5 $18 {and White stays clearly on top.} Nd3 46. Ba2) 45... Nd3 46. Bc4 a3 $1 47. Rh8 {Black must now prevent Rh7+.} Ra5 48. Rh7+ Kf8 $2 {[%mdl 8192]} (48... Kd8 $14) 49. Bxd3 {White threatens e6 and mate. KRB-KR} a2 {[#]} 50. e6 $1 {[%cal Re6e7] Threatening mate with e7+.} Ra3 51. Kg4 Rxd3 {KR-KR} 52. Ra7 (52. Rf7+ $142 Ke8 53. Ra7 Rd1 54. Rxa2 Ke7 55. f5 Kf6 56. Re2 Rd4+ 57. Kf3) 52... Rd2 53. Kg5 (53. f5 $142 Rg2+ 54. Kf3) 53... Rf2 54. f5 {White mates.} Kg8 55. Kg6 {[%cal Ra7a8]} Rg2+ 56. Kf6 Rh2 57. Ra8+ Kh7 58. e7 {Precision: White = 77%, Black = 47%.} 1-0

[Event "World Team-ch Women 2017"]
[Site "Khanty-Mansyisk"]
[Date "2017.06.26"]
[Round "9"]
[White "Lei, Tingjie"]
[Black "Elansary, Eman"]
[Result "1-0"]
[WhiteElo "2488"]
[BlackElo "1887"]
[Annotator "TA"]
[PlyCount "53"]
[EventDate "2017.??.??"]
[EventType "team-tourn"]
[EventCountry "RUS"]
[SourceTitle "playchess.com"]
[Source "ChessBase"]
[SourceQuality "1"]
[WhiteTeam "CHN"]
[BlackTeam "EGY"]
[WhiteTeamCountry "CHN"]
[BlackTeamCountry "EGY"]

{[%evp 24,53,119,113,134,136,213,156,222,218,304,310,314,321,525,522,523,531,522,527,850,846,893,908,906,903,883,880,1438,1430,1417,1411]} 1. e4 {[%cal Be2e4,Be4e5][%mdl 32]} Nf6 2. e5 Nd5 3. d4 d6 4. c4 Nb6 5. exd6 cxd6 6. Nc3 g6 7. Be3 Bg7 8. Rc1 Nc6 9. d5 Ne5 {[%cal Bc6e5,Be5d7,Bd7f6,Bf6e4][%mdl 32]} 10. b3 O-O 11. Be2 Ned7 12. Nf3 {B03: Alekhine's Defence: Four Pawns Attack} Nf6 13. O-O {LiveBook: 3 Games} e5 {[#]} 14. dxe6 $1 {White is clearly better.} fxe6 (14... Bxe6 $16 15. Nd4 a6 16. Nxe6 fxe6) 15. Nb5 d5 $146 (15... Ne4 $16 {was necessary.} 16. Qd3 a6) ({Predecessor:} 15... Ne4 16. Bd3 a6 17. Bxe4 axb5 18. c5 d5 19. Bxg6 hxg6 20. cxb6 {0-1 (32) Czopor,M (1906)-Wisniewski,M (2290) Gora Sw Anny 2016}) 16. Bc5 $18 Ne4 17. Bxf8 Kxf8 18. cxd5 a6 $2 {[#]} (18... exd5 {keeps fighting.} 19. Bd3 Bd7) 19. Nc7 {White is clearly winning.} Nc3 20. Rxc3 $1 Bxc3 21. Nxa8 Nxd5 22. Bc4 b5 23. Bxd5 exd5 24. Qc1 b4 25. Qf4+ Bf6 26. Nc7 Kg7 27. Re1 1-0

[Event "World Team-ch Women 2017"]
[Site "Khanty-Mansyisk"]
[Date "2017.06.26"]
[Round "9"]
[White "Batsiashvili, Nino"]
[Black "Yu, Jennifer R"]
[Result "1-0"]
[WhiteElo "2468"]
[BlackElo "2319"]
[Annotator "TA"]
[PlyCount "79"]
[EventDate "2017.??.??"]
[EventType "team-tourn"]
[EventCountry "RUS"]
[SourceTitle "playchess.com"]
[Source "ChessBase"]
[SourceQuality "1"]
[WhiteTeam "GEO"]
[BlackTeam "USA"]
[WhiteTeamCountry "GEO"]
[BlackTeamCountry "USA"]

{[%evp 16,79,1,14,18,0,8,17,20,0,8,0,0,0,0,0,0,0,1,-22,0,7,10,13,18,24,28,21,21,22,32,-12,102,146,266,266,280,295,334,316,307,258,369,375,385,357,505,485,535,531,593,574,595,598,598,592,610,458,682,706,712,700,694,693,1177,1168]} 1. d4 d5 2. c4 c6 3. Nf3 Nf6 4. Qb3 dxc4 5. Qxc4 Bf5 6. g3 e6 7. Bg2 Nbd7 8. O-O Be7 9. e3 O-O {D23: Queen's Gambit Accepted: 3 Nf3 Nf6 sidelines} 10. Rd1 (10. Qe2 Qc7 11. Nc3 e5 12. dxe5 Nxe5 13. Nxe5 Qxe5 14. e4 Bg4 15. f3 Be6 {½-½ (43) Yu,Y (2743)-Wang,H (2680) Chengdu 2017}) 10... Qc7 (10... e5 $5) 11. Nc3 Nd5 {The position is equal.} 12. Ne1 Nxc3 13. Qxc3 e5 $146 ({Predecessor:} 13... Rac8 14. e4 Bg4 15. f3 Bh5 16. Be3 f5 17. Rdc1 {½-½ (58) Molner,M (2501)-Liou,Y (2381) Arlington 2013}) 14. dxe5 Nxe5 {[%cal Bd7e5,Be5c4,Bc4d2][%mdl 32]} 15. e4 Bg4 16. f3 {[#] Threatens to win with Bf4.} Be6 17. Nc2 Nc4 18. f4 $1 {[%cal Rf4f5]} Rad8 19. Re1 $1 b5 20. b3 b4 21. Qf3 Qb6+ 22. Kh1 Nd2 23. Qe3 Bc5 (23... Bg4 $11 {keeps the balance.} 24. Qxb6 (24. Bxd2 Bc5 $15) 24... axb6) 24. Qe2 $16 Bd4 (24... Nxb3 $16 {keeps fighting.} 25. axb3 Bxb3) 25. Bxd2 $18 Bxa1 26. Rxa1 ({Don't play} 26. Nxa1 $6 Bg4 $18) 26... Bg4 27. Qe1 ({And not} 27. Qxg4 Rxd2 28. Ne1 Rfd8 $11) 27... a5 28. Ne3 Bc8 (28... Qd4 $142 29. Bxb4 (29. Nxg4 Qxd2 30. Ne5 Qxe1+ 31. Rxe1 Rd2 $18) 29... Qxb4) 29. Nc4 Qb5 30. Rc1 Ba6 (30... Be6 $142 31. Ne5 Rc8) 31. e5 {White is clearly winning.} Rd5 32. Be3 Rfd8 33. Nd6 R8xd6 34. exd6 Rxd6 35. Rc5 Qd3 36. Rxc6 Rd7 (36... Rxc6 $142 37. Bxc6 Bb5) 37. Bg1 {[%cal Re1e8]} Rd8 38. Qe7 {And now Rxa6! would win.} Bc8 39. Rc7 Be6 {[#]} 40. f5 $1 {Precision: White = 65%, Black = 36%.} 1-0